000 01182njm a22002417a 4500
005 20100903110051.0
006 a|||||r|||||00| 0
007 sd ammalaaahaa
008 100830t xxu||||| |||| 00| 0 eng d
028 _aGE.30291
_bColumbia
035 _aGR-358
040 _aSED
_cSED
100 _aPaluskar, D. V.
_917814
245 _aShapmochan /
_cby D. V. Paluskar; music direction by Hemanta Mukherjee
_h[soung recording] :
246 _aशापमोचन / द्वारा डी. वी. पलुस्कर
260 _aDum Dum, India
_bColumbia
300 _a1 sound disc [Gramophone Recording] :
_banalog, 33 1/3 rpm
_c9.5 in (MP)
_fGramophone Record
500 _aBrief record
505 _aSide-1 कलियन संग करत रंग रेलियाँ- भाग-1 (Kaliyan sang karat rang reliyaan- Part-1) (D. V. Paluskar) --Side-2 कलियन संग करत रंग रेलियाँ- भाग-2 (Kaliyan sang karat rang reliyaan- Part-2) (D. V. Paluskar)
650 _bClassical music
_xExcerpts.
_zIndia
_917460
942 _2ddc
_cGR
999 _c43499
_d43499